[Event "45th Olympiad 2024"]
[Site "Budapest HUN"]
[Date "2024.09.13"]
[Round "3.53"]
[Board "3"]
[White "Ahmed, Fareed"]
[Black "Van Opstal, Rurik"]
[Result "1/2-1/2"]
[WhiteElo "2061"]
[BlackElo "2006"]
[PlyCount "61"]
[EventDate "2024.09.11"]
[WhiteTeam "United Arab Emirates"]
[BlackTeam "Netherlands Antilles"]
[WhiteTeamCountry "UAE"]
[BlackTeamCountry "AHO"]

1. e4 c5 2. Nf3 d6 3. d4 cxd4 4. Nxd4 Nf6 5. Nc3 g6 6. Be3 Bg7 7. f3 O-O 8. Qd2 Nc6 9. O-O-O d5 10. exd5 Nxd5 11. Nxc6 bxc6 12. Bd4 e5 13. Bc5 Re8 14. Ne4 Qc7 15. h4 f5 16. Nd6 Rd8 17. Nxc8 Raxc8 18. Bc4 ({RR} 18. h5 Nb6 19. Bxb6 Rxd2 20. Bc4+ Kf8 21. Bxc7 Rxd1+ 22. Rxd1 Bh6+ 23. Kb1 Rxc7 24. Rd6 Kg7 25. hxg6 hxg6 26. b4 Bf4 27. Re6 Bd2 28. a3 a5 29. bxa5 Bxa5 30. Rxe5 Bc3 31. Re3 Rb7+ 32. Bb3 Bd4 {½-½ Van Foreest,J (2701)-Abasov,N (2665) Prague Masters 3rd 2021 (1)}) 18... h5 19. Kb1 ({RR} 19. g4 Kh7 20. Qf2 Rb8 21. c3 Bh6+ 22. Kc2 Qa5 23. b4 Qa3 24. Bb3 Rb5 25. gxf5 gxf5 26. f4 exf4 27. Rhg1 Rxc5 28. Qxc5 Re8 29. Bxd5 cxd5 30. Qc7+ Kh8 31. Qc6 {1-0 Dao,M (2268)-Vo,H (1996) ch-VIE 2024 Hanoi VIE (7.7)}) 19... Kh7 20. Bb3 $146 ({RR} 20. Qf2 Rb8 21. Bb3 a5 22. a4 Nb4 23. g4 Nd3 24. Rxd3 Rxd3 25. cxd3 Rxb3 26. gxh5 gxh5 27. Qc2 Qf7 28. Rg1 e4 29. Ba3 exd3 30. Qxc6 Bd4 31. Rg2 Rxa3 32. bxa3 Qb3+ 33. Kc1 Be3+ 34. Rd2 Qxa3+ {½-½ Diaz Rosas,J (2337)-Elias Reyes,J (2466) XI Copa Camara Masters 2023 (5.5)}) ({RR} 20. Qf2 Rb8 21. Bb3 a5 22. a4 e4 23. fxe4 fxe4 24. g4 hxg4 25. h5 g5 26. h6 Be5 27. Qf5+ Kh8 28. Qxe4 Rxb3 29. cxb3 Rb8 30. Rhe1 Bf6 31. Ka2 Qb7 32. Qc4 Qh7 33. Re6 Rb4 34. Re8+ {1-0 To,N (2348)-Stork,O (2327) Titled Tue 25th Jul Early 2023 (5)}) 20... e4 21. Bd4 e3 22. Qe2 f4 23. Bxg7 Kxg7 24. c3 Qe5 25. Rd4 Rb8 26. Rhd1 Qf6 27. g3 fxg3 28. Bxd5 cxd5 29. Qxe3 Re8 30. Qd3 Rf8 31. Rxd5 1/2-1/2

[Event "45th Olympiad 2024"]
[Site "Budapest HUN"]
[Date "2024.09.13"]
[Round "3.53"]
[Board "4"]
[White "Blijstra, Willem"]
[Black "Sultan, Ibrahim"]
[Result "0-1"]
[WhiteElo "2063"]
[BlackElo "2206"]
[PlyCount "30"]
[EventDate "2024.09.11"]
[WhiteTeam "Netherlands Antilles"]
[BlackTeam "United Arab Emirates"]
[WhiteTeamCountry "AHO"]
[BlackTeamCountry "UAE"]

1. d4 d5 2. Nc3 Nf6 3. Bf4 c5 4. e3 a6 5. dxc5 Nc6 6. Nf3 ({RR} 6. a3 e5 7. Bg5 d4 8. exd4 exd4 9. Ne4 Qd5 10. Nxf6+ gxf6 11. Bxf6 Rg8 12. Qf3 Qxc5 13. O-O-O Bh6+ 14. Kb1 Bg4 15. Qe4+ Kf8 16. Qxh7 Bf4 17. Qd3 Rc8 18. g3 Be5 19. f3 Be6 20. Bh4 Bg7 {½-½ Nakamura,H (2775)-Fressinet,L (2717) Wch Rapid Dubai 2014 (4)}) 6... e6 7. Na4 Nd7 $146 ({RR} 7... Bxc5 8. Nxc5 Qa5+ 9. c3 Qxc5 10. Bd3 O-O 11. O-O Qe7 12. Ne5 Nxe5 13. Bxe5 Bd7 14. Qf3 Bc6 15. Qg3 Nh5 16. Qg4 g6 17. Qb4 Qxb4 18. cxb4 Bb5 19. Bxb5 axb5 20. g4 Ng7 21. Rfc1 Rfc8 22. Rxc8+ {1-0 Meskovs,N (2553)-Samadov,R (2442) Titled Tuesday intern op 10th May Early blitz 2022 (11)}) ({RR} 7... Bxc5 8. Nxc5 Qa5+ 9. c3 Qxc5 10. Be2 Qe7 11. h3 e5 12. Bh2 O-O 13. O-O Rd8 14. Qa4 b5 15. Qh4 h6 16. Rad1 Bf5 17. a4 Bc2 18. axb5 Bxd1 19. Rxd1 axb5 20. Bxb5 Qb7 21. Bxc6 Qxc6 22. Bxe5 {1-0 Oparin,G (2676)-Cherniaiev,T (2306) Titled Tue 7th May Early 2024 (10)}) ({RR} 7... Bxc5 8. Nxc5 Qa5+ 9. c3 Qxc5 10. Ne5 O-O 11. Bd3 Qe7 12. Qf3 Nxe5 13. Bxe5 Nd7 14. Qh3 f5 15. Bg3 Nc5 16. Bc2 e5 17. Bh4 g5 18. Qg3 h6 19. b4 Ne4 20. Bxe4 dxe4 21. f4 exf3 22. gxf3 {0-1 Chernikov,V (2231)-Ozates,T (2217) Titled Tuesday intern op 02nd Feb blitz 2021 (4)}) 8. Nd4 Nxc5 9. c3 f6 10. Nxc5 Bxc5 11. Nb3 Be7 12. Bd3 f5 13. c4 e5 14. Bg3 Be6 15. O-O dxc4 0-1

[Event "45th Olympiad 2024"]
[Site "Budapest HUN"]
[Date "2024.09.13"]
[Round "3.54"]
[Board "4"]
[White "Cabezas Solano, David Alejandro"]
[Black "Zuniga Garcia, German"]
[Result "1-0"]
[WhiteElo "2248"]
[BlackElo "1877"]
[PlyCount "47"]
[EventDate "2024.09.11"]
[WhiteTeam "Costa Rica"]
[BlackTeam "Honduras"]
[WhiteTeamCountry "CRI"]
[BlackTeamCountry "HON"]

1. Nf3 g6 2. g3 Bg7 3. c4 c5 4. Bg2 Nc6 5. O-O Nf6 6. Nc3 O-O 7. d4 cxd4 8. Nxd4 Qb6 9. Nc2 d6 10. b3 a5 ({RR} 10... Nb4 11. Be3 Qa5 12. Nxb4 Qxb4 13. Nb5 Qa5 14. Qe1 Qxe1 15. Raxe1 Bd7 16. Nxa7 Rfb8 17. a4 Bf5 18. Nb5 Ne8 19. Bd4 e5 20. Bb6 Bd7 21. Rd1 Bf8 22. Nc7 Ra6 23. Nxa6 bxa6 24. a5 Be6 25. Rd2 {1-0 Arizmendi Martinez,J (2524)-Khamrakulov,I (2597) ESP-ch KO Ceuta 2008 (2.5)}) ({RR} 10... Nd7 11. Bb2 Qa5 12. Qd2 a6 13. Rfd1 Nb4 14. Nxb4 Qxb4 15. Nd5 Qxd2 16. Nxe7+ Kh8 17. Rxd2 Bxb2 18. Rxb2 Re8 19. Nxc8 Raxc8 20. Bxb7 Rc7 21. Bxa6 Nc5 22. Bb5 Re6 23. b4 Nb7 24. Ba6 Rce7 25. Bxb7 {1-0 Aalto,P (2286)-Schirmbeck,L (1790) Titled Tue 28th May Early 2024 (8)}) ({RR} 10... Re8 11. Bb2 Bd7 12. Ne3 Qd8 13. Qd2 Rc8 14. h3 b6 15. Rad1 Ne5 16. f4 Nc6 17. g4 Nb8 18. Nc2 Bc6 19. e4 Nbd7 20. e5 Bxg2 21. Qxg2 dxe5 22. fxe5 Nxg4 23. Qxg4 e6 24. Ne4 Bxe5 25. Bxe5 {1-0 Cabezas Solano,D (2084)-Leal Licon,D (1705) American Continental 16th 2022 (3)}) 11. h3 $146 ({RR} 11. Na4 Qd8 12. Be3 Ra6 13. h3 Bf5 14. Nd4 Nxd4 15. Bxd4 Qd7 16. g4 Be6 17. Qd3 Qc7 18. Rac1 Bd7 19. Nc3 Bc6 20. e4 Qd7 21. Rfd1 Rd8 22. Qe3 Qe6 23. f4 Ne8 24. Nd5 Bxd5 25. cxd5 Bxd4 {1-0 Abdel Fatah,M-Talat,M Cairo op 1998 (2)}) ({RR} 11. Be3 Qd8 12. h3 Nd7 13. Qd2 Nc5 14. Rad1 Bf5 15. Nd4 Nxd4 16. Bxd4 Bxd4 17. Qxd4 Bd7 18. e4 Ne6 19. Qe3 a4 20. e5 axb3 21. axb3 Ra3 22. exd6 exd6 23. Ne4 b5 24. Nxd6 Qg5 25. Qc3 Nc5 {1-0 Wohl,A (2360)-Abdullah,M (2230) Jakarta zt 1993 (3)}) 11... Nd7 12. Be3 Nc5 13. Qd2 Bf5 14. Rac1 Rfe8 15. Na3 Red8 16. Nd5 Qa7 17. Nb5 Qb8 18. Ndc7 Ne4 19. Qd1 g5 20. Nxa8 Qxa8 21. Nd4 Nxd4 22. Bxd4 Bf8 23. Qd3 d5 24. cxd5 1-0

[Event "45th Olympiad 2024"]
[Site "Budapest HUN"]
[Date "2024.09.13"]
[Round "3.55"]
[Board "1"]
[White "Xie, Felix"]
[Black "Mehrad, Ahmad Tamim"]
[Result "1-0"]
[WhiteElo "2320"]
[BlackElo "2015"]
[PlyCount "115"]
[EventDate "2024.09.11"]
[WhiteTeam "New Zealand"]
[BlackTeam "Afghanistan"]
[WhiteTeamCountry "NZL"]
[BlackTeamCountry "AFG"]

1. Nf3 d5 2. e3 c5 3. b3 Nf6 4. Bb2 Nc6 5. Bb5 Bg4 6. h3 Bh5 7. g4 Bg6 8. Ne5 Qc7 9. Bxc6+ bxc6 10. d3 e6 11. Nd2 Nd7 ({RR} 11... Bd6 12. Ndf3 h6 13. Nxg6 fxg6 14. Qe2 O-O 15. O-O-O Nd7 16. e4 d4 17. Kb1 Bf4 18. e5 a5 19. a4 Rab8 20. Qe4 g5 21. h4 gxh4 22. Nxh4 Nxe5 23. Ng6 Nxg6 24. Qxg6 Rf6 25. Qe4 e5 26. Rdg1 {1-0 Yedidia,J (2361)-Thavandiran,S (2388) Titled Tue 27th Aug Late 2024 (4)}) 12. Nxg6 $146 ({RR} 12. f4 f6 13. Nxg6 hxg6 14. Qf3 O-O-O 15. O-O-O Bd6 16. h4 Nb6 17. Rdf1 Rh7 18. g5 Qf7 19. Qg2 f5 20. Nf3 Rdh8 21. Be5 Bf8 22. Qd2 Rh5 23. Qa5 Qb7 24. Rh2 Nd7 25. c4 Qb6 26. Qc3 R8h7 {0-1 Raaste,E (2355)-Puranen,J (2300) FIN-ch Helsinki 1996 (6)}) ({RR} 12. Ndf3 f6 13. Nxg6 hxg6 14. c4 Bd6 15. Qe2 Ne5 16. Nxe5 fxe5 17. d4 e4 18. O-O-O cxd4 19. Bxd4 O-O 20. f4 a5 21. c5 Be7 22. h4 Bf6 23. h5 Bxd4 24. Rxd4 e5 25. hxg6 Rf6 26. Rh8+ Kxh8 {1-0 Beaulieu,P (1820)-O'Connor,M (1845) Montreal Mercredi 01 2018 (2)}) 12... hxg6 13. f4 g5 14. Qf3 gxf4 15. exf4 Bd6 16. O-O Rh7 17. Kg2 O-O-O 18. f5 Rdh8 19. fxe6 fxe6 20. Rh1 Bf4 21. Qe2 e5 22. c4 g5 23. Rac1 Kb8 24. b4 cxb4 25. cxd5 c5 26. Rc2 Qd6 27. Ne4 Qxd5 28. Qf3 Nb6 29. Nxg5 Rd7 30. Qxd5 Rxd5 31. Ne6 Rc8 32. Re1 Rxd3 33. Bxe5+ Bxe5 34. Rxe5 c4 35. Rb5 b3 36. axb3 Rxb3 37. Nd4 Rd3 38. Nf3 c3 39. Rb4 Rc4 40. Rb3 Kc7 41. Ne5 Rd2+ 42. Rxd2 cxd2 43. Rd3 Re4 44. Nf3 Re2+ 45. Kg3 Nc4 46. Kf4 a5 47. g5 a4 48. g6 a3 49. g7 Re8 50. Nxd2 Nxd2 51. Rxa3 Ne4 52. h4 Nf6 53. Kg5 Ng8 54. h5 Re6 55. Ra8 Nf6 56. h6 Nh7+ 57. Kf5 Rf6+ 58. Ke5 1-0

[Event "45th Olympiad 2024"]
[Site "Budapest HUN"]
[Date "2024.09.13"]
[Round "3.55"]
[Board "2"]
[White "Haidary, Hameedullah"]
[Black "Middelburg, Tom"]
[Result "1/2-1/2"]
[WhiteElo "2192"]
[BlackElo "2355"]
[PlyCount "100"]
[EventDate "2024.09.11"]
[WhiteTeam "Afghanistan"]
[BlackTeam "New Zealand"]
[WhiteTeamCountry "AFG"]
[BlackTeamCountry "NZL"]

1. e4 c6 2. Nc3 d5 3. Nf3 Nf6 4. exd5 cxd5 5. Bb5+ Bd7 6. Bxd7+ Nbxd7 7. d4 e6 8. O-O Rc8 $146 ({RR} 8... Bd6 9. Re1 O-O 10. Ne5 a6 11. Bg5 Qc7 12. f4 Rac8 13. Re3 h6 14. Bh4 b5 15. a3 Be7 16. Bg3 Bd6 17. Qd2 Nb6 18. Bh4 Bxe5 19. fxe5 Nc4 20. Qe2 Nxe3 21. Qxe3 Nh7 22. Rf1 Qc4 23. Qf2 {0-1 Liu,L (1767)-Swicarz,M (2332) Titled Tuesday intern op 22 Mar Late blitz 2022 (3)}) ({RR} 8... Bd6 9. Re1 O-O 10. Qd3 a6 11. Ne5 Qc7 12. f4 Rac8 13. Re3 b5 14. a3 Bxe5 15. fxe5 Ne4 16. Rh3 f5 17. Qe2 Rf7 18. Be3 Nxc3 19. bxc3 Qxc3 20. Rf1 Nf8 21. Qh5 Rcc7 22. Bg5 Qxd4+ 23. Kh1 {0-1 Silvarajah,S (1381)-Lau,Y (1287) 14th Penang Open 2022 (8.37)}) 9. Ne2 Qc7 10. c3 Bd6 11. g3 Nh5 12. Ne1 O-O 13. Nd3 Rfe8 14. Nef4 Nhf6 15. Ng2 e5 16. dxe5 Bxe5 17. Nxe5 Qxe5 18. Be3 Qf5 19. Bd4 Re4 20. Qd3 Ne5 21. Bxe5 Qxe5 22. Rad1 a6 23. Ne3 Rd8 24. Rfe1 Qe6 25. f3 Re5 26. Qd4 Re8 27. Ng2 Re2 28. Kf1 Rxe1+ 29. Rxe1 Qf5 30. Rxe8+ Nxe8 31. Qd1 Nf6 32. Ne3 Qe6 33. Kf2 h5 34. Qd4 Qh3 35. Nf1 Qf5 36. Qd1 h4 37. Kg2 h3+ 38. Kf2 Ng4+ 39. Ke2 Qe6+ 40. Kd2 Ne5 41. b3 Qf6 42. f4 Nc6 43. Qg4 Qd8 44. Qxh3 d4 45. cxd4 Qxd4+ 46. Ke2 Qe4+ 47. Kf2 Nb4 48. Qc8+ Kh7 49. Qh3+ Kg8 50. Qc8+ Kh7 1/2-1/2

[Event "45th Olympiad 2024"]
[Site "Budapest HUN"]
[Date "2024.09.13"]
[Round "3.57"]
[Board "2"]
[White "De Gondo, Simplice Armel"]
[Black "Levitan, Caleb Levi"]
[Result "0-1"]
[WhiteElo "2045"]
[BlackElo "2193"]
[PlyCount "68"]
[EventDate "2024.09.11"]
[WhiteTeam "Cote d’Ivoire"]
[BlackTeam "South Africa"]
[BlackTeamCountry "RSA"]

1. e4 c5 2. Nf3 e6 3. d4 cxd4 4. Nxd4 Nf6 5. Nc3 Nc6 6. Ndb5 Bc5 7. Nd6+ Ke7 8. Nxc8+ Rxc8 9. Bd3 Qc7 10. O-O h5 ({RR} 10... a6 11. Kh1 h5 12. Bg5 {½-½ Mamedov,R (2628)-Tregubov,P (2595) TUR-chT Konya 2012 (11)}) 11. Bg5 Kf8 12. Qe2 $146 ({RR} 12. Na4 Ng4 13. g3 Nxf2 14. Rxf2 Bxf2+ 15. Kxf2 Qa5 16. Bf4 Qxa4 17. Bd6+ Kg8 18. c3 Qxd1 19. Rxd1 f6 20. Bc2 Kf7 21. h3 a6 22. Bc5 Ne5 23. Bd6 Nc4 24. Bb4 Rhd8 25. b3 a5 {0-1 Groetzbach,J (2220)-Feuerstack,A (2453) Hamburg HSK Summer rapid op 1st 2014 (2)}) ({RR} 12. Bxf6 gxf6 13. Qf3 Ke7 14. Kh1 Ne5 15. Qe2 Rcg8 16. f4 Ng4 17. Rf3 a6 18. Qd2 Be3 19. Rxe3 Qxf4 20. Nd5+ exd5 21. Qb4+ Kd8 22. Qb6+ Ke8 23. Rg3 Nxh2 24. Rh3 Ng4 25. Rf1 Qd2 26. exd5 Rg5 {0-1 Sriansh Das (2016)-Fromm,M (2465) 61st World Juniors 2024 (1.18)}) ({RR} 12. Qd2 Ng4 13. Bf4 Nce5 14. Be2 g5 15. Bg3 h4 16. Bxe5 Nxe5 17. Qxg5 a6 18. Kh1 Ng6 19. f4 Be3 20. e5 h3 21. g3 Qb6 22. Rad1 Qxb2 23. Ne4 Qxc2 24. Bf3 Rc7 25. Nd6 Ne7 26. Be4 Qxa2 {½-½ Arakhamia Grant,K (2372)-Movileanu,D (2174) Gibraltar Masters 17th 2019 (8)}) 12... Nd4 13. Qd2 Ng4 14. Bf4 Bd6 15. Bxd6+ Qxd6 16. f4 Qb6 17. Kh1 Qxb2 18. Na4 Qa3 19. Rab1 Qxa4 20. Bb5 Nxb5 21. Qxd7 Qc4 22. Qxb5 Qxb5 23. Rxb5 b6 24. h3 Nf6 25. e5 Nd5 26. Rf2 Ke7 27. f5 Rc5 28. Rb3 exf5 29. Rxf5 Rc3 30. Rb5 Ke6 31. Rf2 Rhc8 32. a4 Rxc2 33. Rxc2 Rxc2 34. a5 Rc5 0-1

[Event "45th Olympiad 2024"]
[Site "Budapest HUN"]
[Date "2024.09.13"]
[Round "3.57"]
[Board "4"]
[White "Nean, Franck Anderson"]
[Black "Cawdery, Daniel"]
[Result "0-1"]
[WhiteElo "1917"]
[BlackElo "2356"]
[PlyCount "74"]
[EventDate "2024.09.11"]
[WhiteTeam "Cote d’Ivoire"]
[BlackTeam "South Africa"]
[BlackTeamCountry "RSA"]

1. d4 Nf6 2. c4 c5 3. d5 b5 4. cxb5 a6 5. bxa6 e6 6. a7 ({RR} 6. Nc3 exd5 7. Nxd5 Be7 8. e3 O-O 9. Ne2 Nxd5 10. Qxd5 Rxa6 11. Nc3 Rd6 12. Qf3 Nc6 13. Be2 Bb7 14. O-O Qa8 15. e4 Nd4 16. Qh5 Bxe4 17. Nxe4 Qxe4 18. Bd1 Rg6 19. Qh3 Ne2+ 20. Bxe2 Qxe2 {½-½ Nakamura,H (2787)-Dubov,D (2701) Moscow Tal Memorial blitz 11th 2018 (2)}) 6... Rxa7 7. Nc3 $146 ({RR} 7. dxe6 fxe6 8. e4 Nc6 9. Nc3 d5 10. Bb5 Qb6 11. a4 d4 12. Nb1 Ba6 13. Na3 Bxb5 14. axb5 Nb4 15. e5 Nfd5 16. Nf3 Be7 17. O-O O-O 18. Nc4 Qb7 19. Rxa7 Qxa7 20. Ng5 Bxg5 21. Bxg5 Rf5 {1-0 Hempson,P-Pritchard,D British CF-58 Championship 1971 (4)}) ({RR} 7. dxe6 fxe6 8. e4 d5 9. e5 Ne4 10. Nd2 Nxd2 11. Bxd2 Nc6 12. Nf3 Qc7 13. Bb5 Ba6 14. Bxa6 Rxa6 15. O-O Be7 16. Re1 O-O 17. b3 Rf5 18. Bc3 Ra8 19. a4 Raf8 20. Qe2 Bd8 21. a5 Qf7 {1-0 Lutsko,A (2431)-Boder,J (2341) GER-chT Lands U20 2022 (2.1)}) ({RR} 7. dxe6 fxe6 8. Nf3 d5 9. e3 Bd6 10. Bb5+ Bd7 11. Bxd7+ Nbxd7 12. Nc3 O-O 13. O-O Rb7 14. Re1 Ne5 15. Ng5 Re7 16. f4 Nc6 17. e4 dxe4 18. Ncxe4 Nxe4 19. Nxe4 Nd4 20. Nxd6 Qxd6 21. Be3 e5 {1-0 Rodriguez Izquierdo,B-Garcia del Campo,L Valladolid CC semirap op 13th 1990 (6)}) 7... exd5 8. Nxd5 Nxd5 9. Qxd5 Nc6 10. Nf3 Nb4 11. Qe4+ Qe7 12. Qb1 Bb7 13. Nd2 g6 14. a3 Nc6 15. Nf3 Bg7 16. e3 Nd4 17. Nxd4 cxd4 18. Bd2 O-O 19. Qd3 Be4 20. Qb3 Rb7 21. Bb4 Qh4 22. g3 Qh6 23. Ba6 Rxb4 24. axb4 Bxh1 25. O-O-O Bf3 26. Rf1 g5 27. b5 Be2 28. Re1 d3 29. Kd2 Qf6 30. f4 Qb6 31. Qb4 Re8 32. e4 Bd4 33. Rxe2 dxe2 34. e5 d6 35. Bb7 Qxb7 36. Qxd4 dxe5 37. fxe5 Qxb5 0-1

[Event "45th Olympiad 2024"]
[Site "Budapest HUN"]
[Date "2024.09.13"]
[Round "3.58"]
[Board "1"]
[White "Gurner, Jem"]
[Black "Arab, Adlane"]
[Result "0-1"]
[WhiteElo "2091"]
[BlackElo "2477"]
[PlyCount "68"]
[EventDate "2024.09.11"]
[WhiteTeam "Jersey"]
[BlackTeam "Algeria"]
[BlackTeamCountry "ALG"]

1. e4 c5 2. Nf3 d6 3. d4 cxd4 4. Qxd4 Nf6 5. Nc3 Nc6 6. Bb5 Bd7 7. Bxc6 Bxc6 8. Bg5 e6 9. O-O-O Be7 10. Qd3 O-O 11. Nd4 Qc7 12. f4 Rfd8 ({RR} 12... Rac8 13. Kb1 Rfe8 14. h4 a6 15. f5 Bd7 16. fxe6 fxe6 17. Nf3 Rcd8 18. h5 Bc8 19. h6 g6 20. Qd4 Rf8 21. e5 dxe5 22. Qxe5 Qxe5 23. Nxe5 Rde8 24. Rhf1 Nd5 25. Bxe7 Rxf1 26. Rxf1 Nxc3+ 27. bxc3 {1-0 Wang,Y (2734)-Zhao,J (2580) CHN-ch Xinghua Jiangsu 2011 (10)}) 13. Kb1 Rac8 ({RR} 13... b5 14. Ndxb5 Qb7 15. Rhe1 Rab8 16. a4 a6 17. b3 axb5 18. axb5 Bxb5 19. Qg3 Bc6 20. f5 Re8 21. fxe6 fxe6 22. Qh3 Qc8 23. Kb2 e5 24. Qh4 Qb7 25. Re3 Rf8 26. Rg3 Kh8 27. Rdd3 Rf7 28. Qh3 {0-1 Filippova,M (2007)-Williams,S (2467) Titled Tue 9th Apr Early 2024 (1)}) 14. Rhe1 $146 ({RR} 14. h4 a6 15. f5 Bd7 16. Rhf1 b5 17. a3 Rf8 18. Nce2 Qc4 19. Qxc4 Rxc4 20. fxe6 fxe6 21. e5 dxe5 22. Nf3 Be8 {½-½ Antal,G (2498)-Groetz,H (2359) AUT-chT2O 0304 2003 (9.2)}) ({RR} 14. h4 Be8 15. f5 Bd7 16. Ndb5 Bxb5 17. Nxb5 Qc5 18. fxe6 fxe6 19. Nd4 Qe5 20. Qb3 d5 21. exd5 Qxd5 22. Qxd5 exd5 23. Nf5 Rd7 24. Nxe7+ Rxe7 25. Bxf6 gxf6 26. Rd2 Re5 27. c3 Rc4 28. Rhd1 Rxh4 {½-½ Votava,J (2395)-Stohl,I (2530) CZE-chT 9495 1994 (6)}) 14... a6 15. Qh3 Be8 16. f5 Bd7 17. Re2 b5 18. fxe6 fxe6 19. e5 dxe5 20. Nf3 e4 21. Nxe4 e5 22. Qh4 Bf5 23. Rxd8+ Rxd8 24. Nxf6+ gxf6 25. Bc1 Rd1 26. Qg3+ Kh8 27. Nh4 Be6 28. Re3 Qc4 29. b3 Qf1 30. Ng6+ hxg6 31. Qxg6 Rxc1+ 32. Kb2 Rb1+ 33. Kc3 b4+ 34. Kd2 Rd1# 0-1

[Event "45th Olympiad 2024"]
[Site "Budapest HUN"]
[Date "2024.09.13"]
[Round "3.58"]
[Board "2"]
[White "Djabri, Massinas"]
[Black "Carpenter, Paul A"]
[Result "1-0"]
[WhiteElo "2280"]
[BlackElo "1985"]
[PlyCount "89"]
[EventDate "2024.09.11"]
[WhiteTeam "Algeria"]
[BlackTeam "Jersey"]
[WhiteTeamCountry "ALG"]

1. d4 b6 2. c4 Bb7 3. Nc3 e6 4. Nf3 d6 5. e4 Nd7 6. Bd3 ({RR} 6. Be2 Ngf6 7. Qc2 Be7 8. O-O h5 9. Rd1 a6 10. h3 Nf8 11. e5 N6d7 12. d5 g5 13. exd6 cxd6 14. dxe6 Nxe6 15. Nd4 Nxd4 16. Rxd4 g4 17. hxg4 hxg4 18. Bxg4 Ne5 19. Nd5 b5 20. b3 Bxd5 {0-1 Antonio,V (2407)-Rathnakaran,K (2256) 2nd Indore GM Open 2024 (7.9)}) 6... g6 7. h4 $146 ({RR} 7. O-O Bg7 8. Re1 Ne7 9. Be3 h6 10. Qd2 a6 11. a4 Kf8 12. b4 a5 13. bxa5 Rxa5 14. Ra2 Kg8 15. Rb1 Kh7 16. Rb5 Ra8 17. h4 Nc6 18. h5 e5 19. d5 Ne7 20. Be2 Rg8 21. hxg6+ fxg6 {½-½ Sowa,M (1720)-Przytula,G (1955) Rewal op-B 16th 2011 (8)}) ({RR} 7. Bg5 f6 8. Bh4 Ne7 9. Qe2 h5 10. e5 dxe5 11. Nxe5 Nxe5 12. dxe5 f5 13. Bf6 Rg8 14. O-O-O Qc8 15. Bc2 Bh6+ 16. Kb1 Kf7 17. f3 Bg7 18. Bg5 a6 19. Ba4 c6 20. Rd6 Re8 21. Rhd1 Bf8 {1-0 Schwarz,E (1914)-Lehnert,M (1892) Hofheim Spring op-B 7th 2019 (4)}) 7... h6 8. d5 e5 9. Be3 Ngf6 10. Nd2 Bg7 11. Qe2 Qe7 12. g4 a5 13. Bc2 Nc5 14. f3 Nfd7 15. h5 g5 16. Nf1 O-O 17. Ng3 Rfb8 18. b3 Qd8 19. O-O Bc8 20. a3 Nf6 21. b4 Ncd7 22. Ba4 Nf8 23. Bc6 Bb7 24. Bxb7 Rxb7 25. Nf5 axb4 26. axb4 Rba7 27. Qb2 Kh7 28. Nb5 Rxa1 29. Rxa1 Rxa1+ 30. Qxa1 Qb8 31. Qa7 Qxa7 32. Nxa7 N8d7 33. Nc6 Ne8 34. Kf2 Bf6 35. Ke2 Ng7 36. Ng3 Kg8 37. Kd3 Kf8 38. Kc3 Ke8 39. Kb3 Bd8 40. Ka4 f6 41. Kb5 Nf8 42. Ka6 Kd7 43. Kb7 Nh7 44. Nb8+ Ke8 45. Kc8 1-0

[Event "45th Olympiad 2024"]
[Site "Budapest HUN"]
[Date "2024.09.13"]
[Round "3.59"]
[Board "3"]
[White "Mushore, Emarald Takudzwa"]
[Black "Victor, Wyclef"]
[Result "1-0"]
[WhiteElo "2150"]
[BlackElo "1924"]
[PlyCount "89"]
[EventDate "2024.09.11"]
[WhiteTeam "Zimbabwe"]
[BlackTeam "Haiti"]
[WhiteTeamCountry "ZIM"]
[BlackTeamCountry "HAI"]

1. e4 c5 2. Nf3 Nc6 3. d4 cxd4 4. Nxd4 Nf6 5. Nc3 e5 6. Ndb5 d6 7. Bg5 a6 8. Na3 b5 9. Nd5 Be7 10. Bxf6 Bxf6 11. c3 O-O 12. g3 Be6 ({RR} 12... g6 13. Bg2 Bg7 14. O-O Rb8 15. Nc2 Ne7 16. Nce3 Be6 17. Nxe7+ Qxe7 18. Nd5 Qb7 19. Ne3 Rfd8 20. Qd2 Bh6 21. a3 a5 22. Qd3 Qc6 23. Rad1 Bxe3 24. Qxe3 b4 25. axb4 axb4 26. cxb4 Rxb4 27. Rd2 {0-1 Sanal,V (2590)-Yu Yangyi (2729) Titled Tue 31st Jan Late 2023 (6)}) 13. Nxf6+ $146 ({RR} 13. Bg2 Bg5 14. Nc2 Rb8 15. h4 Bh6 16. O-O Ne7 17. Nce3 Bxe3 18. Nxe3 Qb6 19. Qd2 Rfd8 20. Rfd1 a5 21. Kh2 {½-½ Berezin,V (2371)-Pavlov,S (2338) Nabokov Memorial 2nd 2004 (8)}) ({RR} 13. Bg2 Bxd5 14. exd5 Ne7 15. O-O g6 16. Nc2 Bg7 17. a4 bxa4 18. Nb4 Qd7 19. Qxa4 Qc7 20. Nxa6 Qb6 21. b4 Rfc8 22. Rfc1 e4 23. Bxe4 Bxc3 24. Ra2 Qd4 25. Bf3 Nf5 26. b5 Qb6 27. Rac2 Nd4 {½-½ Nikologorskiy,K (2413)-Yeremyan,A (2279) Titled Tue 23rd Jul Early 2024 (3)}) ({RR} 13. Bg2 Rc8 14. Nc2 Bxd5 15. Qxd5 Qb6 16. O-O Na5 17. Rac1 Nc4 18. b3 Na5 {½-½ Inglan,L-Bailo Ballarin,E ARAEQ1 op Spain 1997}) 13... Qxf6 14. Bg2 Rfd8 15. Nc2 a5 16. Ne3 b4 17. O-O Qe7 18. Qa4 Qb7 19. Rfd1 Ne7 20. c4 Nc6 21. Nf5 Qc7 22. Qxc6 Qxc6 23. Ne7+ Kf8 24. Nxc6 Rdc8 25. Rxd6 Ra6 26. Rxe6 fxe6 27. Nxe5 Rd6 28. Bf1 Rd4 29. f4 Rd2 30. b3 Ke7 31. a3 Rb2 32. axb4 axb4 33. Ra7+ Kd6 34. Rd7+ Kc5 35. Nd3+ Kc6 36. Nxb2 Kxd7 37. Nd3 Rb8 38. Kf2 Ra8 39. Nxb4 Ra3 40. Nd3 Kc6 41. b4 Rc3 42. Ke3 Rc2 43. b5+ Kb6 44. c5+ Kb7 45. Be2 1-0

[Event "45th Olympiad 2024"]
[Site "Budapest HUN"]
[Date "2024.09.13"]
[Round "3.60"]
[Board "1"]
[White "Liyanage, Ranindu Dilshan"]
[Black "Miguel, Sergio"]
[Result "1-0"]
[WhiteElo "2366"]
[BlackElo "2241"]
[PlyCount "89"]
[EventDate "2024.09.11"]
[WhiteTeam "Sri Lanka"]
[BlackTeam "Angola"]
[WhiteTeamCountry "SRI"]
[BlackTeamCountry "ANG"]

1. e4 e5 2. Nf3 Nc6 3. Bc4 Nf6 4. d3 h6 5. c3 d6 6. a4 g6 7. a5 a6 8. Qb3 Qe7 9. O-O Bg7 10. Re1 O-O 11. d4 Nd8 ({RR} 11... Nh5 12. Be3 g5 13. d5 Nd8 14. Qd1 Nf4 15. Bxf4 gxf4 16. Nbd2 Kh8 17. b4 Rg8 18. Kh1 Bg4 19. h3 Bd7 20. Bd3 Bf6 21. Qe2 Qf8 22. Rg1 Be7 23. c4 f6 24. Nh4 Nf7 25. Nf5 c6 26. Nf3 {1-0 Vaishali,R (2506)-Khademalsharieh,S (2489) Tbilisi WGP 2024 (3.5)}) 12. Nbd2 Nh7 $146 ({RR} 12... Nh5 13. Qd1 Bg4 14. h3 Bd7 15. Bf1 Bb5 16. Nc4 Nf4 17. b3 Bxc4 18. Bxc4 g5 19. g3 Ng6 20. d5 Qd7 21. Kg2 Kh8 22. Ra2 Rc8 23. Nh2 f6 24. Be2 Ne7 25. Bg4 f5 26. exf5 Nxf5 27. Nf1 {1-0 Kasioumis,V (2347)-Spyropoulos,N (2432) 50th TCh-GRE 2023 (3.3)}) ({RR} 12... Kh8 13. Qa3 Re8 14. Bb3 Nc6 15. Ba4 Bd7 16. d5 Nd8 17. c4 Rf8 18. b4 b5 19. axb6 cxb6 20. Qe3 Bxa4 21. Rxa4 Nd7 22. Bb2 Nb7 23. Rea1 a5 24. Nb3 Rab8 25. bxa5 Nbc5 26. Rb4 bxa5 27. Rxb8 {½-½ Sengupta,D (2473)-Subhayan,K (2353) 2nd Maharashtra GM Open 2023 (11.9)}) 13. Qa3 Qf6 14. Nf1 Bg4 15. dxe5 dxe5 16. N3d2 Be6 17. Ne3 Bxc4 18. Ndxc4 Qh4 19. Nd5 Ne6 20. Qe7 Qg4 21. h3 Qh5 22. Kh2 g5 23. Nde3 Rfd8 24. Ng4 Bf8 25. Qf6 Nc5 26. Qf3 Bg7 27. Be3 Nd3 28. Red1 Qg6 29. Rxd3 Rxd3 30. Ngxe5 Qe6 31. Nxd3 Qxc4 32. Nc5 Re8 33. Ra4 Qb5 34. Rb4 Qxa5 35. Rxb7 Bf8 36. b4 Bd6+ 37. g3 Qa2 38. Bd4 Qc2 39. Nd3 h5 40. e5 g4 41. hxg4 Ng5 42. Qf5 Be7 43. Rxc7 Bd8 44. Rd7 hxg4 45. Qxg4 1-0